ბათუმის შოთა რუსთაველის სახელმწიფო უნივერსიტეტის ბიბლიოთეკა

Berufsziel Übersetzen und Dolmetschen : (ბიბ.ჩანაწერი № 55667)

000 -LEADER
fixed length control field 00774nam a2200241Ia 4500
001 - CONTROL NUMBER
control field 22762
003 - CONTROL NUMBER IDENTIFIER
control field GE_BSU
005 - DATE AND TIME OF LATEST TRANSACTION
control field 20220527131858.0
008 - FIXED-LENGTH DATA ELEMENTS--GENERAL INFORMATION
fixed length control field 181216s2016||||gw |||||||||||||| ||gem||
020 ## - INTERNATIONAL STANDARD BOOK NUMBER
International Standard Book Number 9783825244545
040 ## - CATALOGING SOURCE
Transcribing agency GE_BSU
041 ## - LANGUAGE CODE
Language code of text/sound track or separate title gem
080 ## - UNIVERSAL DECIMAL CLASSIFICATION NUMBER
Universal Decimal Classification number 811.112.1 K-13
100 ## - MAIN ENTRY--PERSONAL NAME
Personal name Kadric, Mira
9 (RLIN) 13858
245 ## - TITLE STATEMENT
Title Berufsziel Übersetzen und Dolmetschen :
Remainder of title Grundlagen, Ausbildung, Arbeitsfelder /
Statement of responsibility, etc. Mira Kadric, Klaus Kaindl.
264 ## - PRODUCTION, PUBLICATION, DISTRIBUTION, MANUFACTURE, AND COPYRIGHT NOTICE
Place of production, publication, distribution, manufacture Tubingen :
Name of producer, publisher, distributor, manufacturer Francke Verlag,
Date of production, publication, distribution, manufacture, or copyright notice 2016.
300 ## - PHYSICAL DESCRIPTION
Extent 340 p.;
Other physical details 22 cm.
653 ## - INDEX TERM--UNCONTROLLED
keyword Berufsziel Übersetzen und Dolmetschen : Grundlagen, Ausbildung, Arbeitsfelder
653 ## - INDEX TERM--UNCONTROLLED
keyword Перевод
653 ## - INDEX TERM--UNCONTROLLED
keyword თარგმანი
700 ## - ADDED ENTRY--PERSONAL NAME
Personal name Kaindl, Klaus
Relator term ავტორი
9 (RLIN) 13859
942 ## - ADDED ENTRY ELEMENTS (KOHA)
Koha item type წიგნი
Source of classification or shelving scheme
ეგზემპლარები
Withdrawn status Lost status Source of classification or shelving scheme Damaged status Not for loan Permanent Location Current Location Shelving location Date acquired Cost, normal purchase price Full call number Barcode Date last seen Copy number Price effective from Koha item type Public note
          ბათუმის შოთა რუსთაველის სახელმწიფო უნივერსიტეტის მთავარი ბიბლიოთეკა ბათუმის შოთა რუსთაველის სახელმწიფო უნივერსიტეტის მთავარი ბიბლიოთეკა წიგნსაცავი 2018-12-17 102.00 811.112.1 K-13 58267 2018-12-17 58267 2018-12-17 წიგნი 102 ლ.